Quizzes
Events
Quiz Creation
Community
Videos
Private Events
Remove Ads
Sign In
Join for FREE
Feedback
Dark Mode
Quiz Categories
Sports
Geography
Music
Movies
Television
Just For Fun
Miscellaneous
History
Literature
Language
Science
Gaming
Entertainment
Religion
Holiday
For Kids
Quiz Lab
Recent
Popular Today
Quiz Kudos Today
Editor Picks
Curator Picks
Quizzes by...
Day
Popularity
Type
Ratings
Length
Year
Community
Subscriptions
Recent Discussions
Orange Saloon
Badges
Playlists
Quests
Create
Leaderboards
Showdown
Live 5
Trivia Bingo
Activity
Puzzle Library
Sporcle Events
Private Events
Virtual Trivia
Globe League
Become a Host
Pub Owners
SporcleCon
Opinionation
Our Games
Videos
Blog
Mobile Apps
Partnerships
Remove Ads and Go Orange
Feedback
Sports
Athletes
MLB
NBA
NHL
NFL
Soccer
Sports Teams
WWE
NCAA
Football
Premier League
Basketball
Baseball
Hockey
Golf
Tennis
Cricket
Rugby
Auto Racing
Olympics
World Cup
Sports
Athletes
MLB
NBA
NHL
NFL
Soccer
Sports Teams
WWE
NCAA
Football
Premier League
Basketball
Baseball
Hockey
Golf
Tennis
Cricket
Rugby
Auto Racing
Olympics
World Cup
Random Quiz
Search Sporcle
×
Quiz Lab
Quiz Lab
Sports
MLB
Type in answers that appear in a list
Type in answers that appear in a list
Classic
Best Score? Go Orange.
MLB Teams By Franchise Record for Wins Stats
Can you name the MLB Teams By Franchise Record for Wins?
By
aheig82
6m
30 Questions
89 Plays
89 Plays
89 Plays
Comments
Comments
Give Quiz Kudos
Give Quiz Kudos
-
- Ratings
hide this ad
More Info
Forced Order
Answers have to be entered in order
Answers have to be entered in order
Replay
Link that replays current quiz
Next Quiz
Link to next quiz in quiz playlist
You Got
0%
They Got
Avg Score
68%
Avg Friend Score
Upgrade to see
Score Distribution
Jump to the score distribution portion of the page
Score
0/30
Timer
06:00
0
Plays Today
Wins
Team
% Correct
114
New York Yankees
95.5%
116
Chicago Cubs
94.4%
116
Seattle Mariners
94.4%
108
Cincinnati Reds
85.4%
108
New York Mets
82%
109
Baltimore Orioles
79.8%
111
Cleveland Indians
79.8%
106
Atlanta Braves
77.5%
104
Detroit Tigers
75.3%
107
Oakland Athletics
75.3%
110
Pittsburgh Pirates
74.2%
105
Boston Red Sox
71.9%
105
Los Angeles Dodgers
70.8%
106
San Francisco Giants
69.7%
106
St. Louis Cardinals
69.7%
Wins
Team
% Correct
96
Texas Rangers
66.3%
100
Chicago White Sox
65.2%
102
Kansas City Royals
62.9%
102
Philadelphia Phillies
62.9%
96
Milwaukee Brewers
60.7%
102
Minnesota Twins
59.6%
99
Toronto Blue Jays
58.4%
92
Miami Marlins
57.3%
97
Tampa Bay Rays
56.2%
92
Colorado Rockies
55.1%
102
Houston Astros
55.1%
95
Washington Nationals
53.9%
100
Los Angeles Angels of Anaheim
52.8%
98
San Diego Padres
52.8%
100
Arizona Diamondbacks
50.6%
Quiz Playlist
Details
Report
Send in Message
Add To Playlist
More Info:
MLB Teams by Franchise Record of Wins in a Season.
Classic:
Type in answers that appear in a list
Forced Order:
Answers have to be entered in order
Quiz Source
Last Updated: Feb 16, 2017
Quiz Scoreboard
CHALLENGE
Sign Up to Join the Scoreboard
Show All
Scores
Hide
Comments
May contain spoilers
Recently Published
College Basketball Coaching Resumes
by pancakes188
Sports
9m
Billboard Blitz: Fleetwood Mac
by CooCooCachoo
Music
15s
Presidents Visiting Landmarks
by Hejman
History
7m
More to Explore
Quiz From the Vault
Featured Blog Post
Where Did the Easter Bunny Come From?
hide this ad
You Might Also Like...
Tags
Baseball Quiz
MLB Quiz
franchise
record
team
Win
Today's Top Quizzes in Sports
Browse Sports
hide this ad
Today's Top Quizzes in MLB
Browse MLB
Top Contributed Quizzes in Sports
1
2022 World Cup Stars
2
Les meilleurs buteurs des matchs entre le PSG et l’OM
3
FIFA Club World Cup Champions
4
Les entraîneurs de l'OM et du PSG au 21e siècle
5
Criteria MLB: Left Handed Sluggers
6
AFC Teams Reveal (Wrong Answers Minefield)
7
5-to-1: UK Sports Teams
8
5-to-1: FBS Animal Nicknames
9
2023 MLB Unique Player Accomplishments
10
Name the Premier League winners with different clubs
Explore More
Trending Topics
Anime
Crossword
Kpop
NBA
Disney
Marvel
Harry Potter
The Office
Soccer
Pokémon
WWE
Puzzle
Country
Song
NFL
hide this ad
More By:
aheig82
Quiz
Plays
Rating
Category
Featured
Created
NBA Last Five 25.0+ PPG Players by Team
144,380
4.51
Sports
Nov 17, 2011
NHL 40+ Goal Scorers per Franchise
46,925
4.56
Sports
Nov 16, 2011
MLB Last Five 40+ HR Hitters by Franchise
12,474
4.56
Sports
Nov 14, 2011
Top 5 Medal Winning Teams in Each Summer Olympics
11,925
4.21
Sports
Jul 14, 2012
Top 10 NBA Scoring Leaders Per Season (1990-2000)
8,236
4.00
Sports
Dec 20, 2012
Go to Creator's Profile
Score Distribution
Quiz Creator Spotlight
aheig82
Follow
Send a Message
Quizzes Created
-
Created Quiz Play Count
-
More By This Creator
Popular Quizzes Today
1
Find the US States - No Outlines Minefield
2
Find the Countries of Europe - No Outlines Minefield
3
The Countries of the World
4
Find the US States
5
Risky Map Clicking: Biggest States A-Z
6
US States
7
Popular People in 1961
8
Movies - When Are They Set?
More Sports Quizzes
Pac-12 College Towns
Published
Trending Quizzes
Risky Map Clicking: Least Populous States A-Z
1-10 Letter G Words
1-10 Letter F Words
Risky Map Clicking: Next State Alphabetically
Risky Map Clicking: Biggest States A-Z
Recently Updated
Leaping Animals
pecheneg
Reality TV Shows (A-Z)
bhenderson79
Rickey Henderson's Hall of Fame Teammates
pecheneg
Champions League XIs: Arsenal
pecheneg
Quick Pick: Celebrities in WWE's Hall of Fame
aduchscher
A-Z Keypad Blitz II
pecheneg
Multiple Oscar Actors
pecheneg
Mystery Phrase Blitz: Oscar 'Best Actors'
pecheneg
F. Scott Fitzgerald Novels
LTH
Pick 3 Villains
ddd62291
Trending Topics
Anime
Kpop
NBA
Harry Potter
Crossword
Marvel
Disney
The Office
NFL
Soccer
Pokémon
Country
Puzzle
Song
WWE
Your Account Isn't Verified!
In order to create a playlist on Sporcle, you need to verify the email address you used during registration. Go to your
Sporcle Settings
to finish the process.
Report this User
Report this user for behavior that violates our
Community Guidelines
.
Details:
Send Report
Go to the Sporcle.com Mobile Site →
Comments